000 00835cam a22002414a 4500
001 13551959
005 20180228050725.0
008 040408s2004 ctu b 001 0 eng
010 _a 2004040053
020 _a0275983412 (alk. paper)
040 _aDLC
_cDLC
_dDLC
041 _aeng
042 _apcc
080 _a332.024/00151 ron
082 0 0 _a332.024/00151 ron
_222
100 1 _a52
101 _aedco
245 1 0 _aYou can do the math :
_cRon Lipsman.
504 _aIncludes bibliographical references and index.
906 _a7
_bcbc
_corignew
_d1
_eocip
_f20
_gy-gencatlg
942 _2ddc
_cBK
999 _c43694
_d43694